书目信息 |
| 题名: |
公路工程抗震规范 JTG B02-2013
|
|
| 作者: | ;中交路桥技术有限公司 | |
| 分册: | ||
| 出版信息: | 北京 人民交通出版社 2014.01 |
|
| 页数: | 72页 | |
| 开本: | 30cm | |
| 丛书名: | ||
| 单 册: | ||
| 中图分类: | U41-65 | |
| 科图分类: | ||
| 主题词: | 道路工程 | |
| 电子资源: | ||
| ISBN: | 7-114-11120-7 | |
| 000 | 00712nam0 2200205 450 | |
| 001 | 1455924038 | |
| 005 | 20240228111432.81 | |
| 010 | @a7-114-11120-7@dCNY45.00 | |
| 094 | @bJTG B02-2013 | |
| 100 | @a20140506d2014 km y0chiy0120 ea | |
| 101 | 0 | @achi |
| 102 | @aCN@b110000 | |
| 200 | 1 | @a公路工程抗震规范 JTG B02-2013@Agong lu gong cheng kang zhen gui fan JTG B02-2013@f中交路桥技术有限公司@Fzhong jiao lu qiao ji shu you xian gong si |
| 210 | @a北京@c人民交通出版社@d2014.01 | |
| 215 | @a72页@d30cm | |
| 606 | 0 | @a道路工程 |
| 690 | @aU41-65@v4 | |
| 711 | 02 | @a中交路桥技术有限公司@Azhong jiao lu qiao ji shu you xian gong si |
| 801 | 0 | @aCN@b大连网信软件有限公司图书馆·11@c20140506 |
| 905 | @aZUCC@dU41-65@eZ679 | |
| 公路工程抗震规范 JTG B02-2013/中交路桥技术有限公司.-北京:人民交通出版社,2014.01 |
| 72页;30cm |
| ISBN 7-114-11120-7:CNY45.00 |
| ● |
| 相关链接 |
|
|
|
正题名:公路工程抗震规范 JTG B02-2013
索取号:U41-65/Z679
 
预约/预借
| 序号 | 登录号 | 条形码 | 馆藏地/架位号 | 状态 | 备注 |
| 1 | 493517 | 204935179 | 土木与交通工程学院资料室/ [索取号:U41-65/Z679] | 在馆 | |
| 2 | 493518 | 204935188 | 土木与交通工程学院资料室/ [索取号:U41-65/Z679] | 在馆 | |
| 3 | 493519 | 204935197 | 土木与交通工程学院资料室/ [索取号:U41-65/Z679] | 在馆 | |
| 4 | 493520 | 204935204 | 土木与交通工程学院资料室/ [索取号:U41-65/Z679] | 在馆 | |
| 5 | 493521 | 204935213 | 土木与交通工程学院资料室/ [索取号:U41-65/Z679] | 在馆 |